书目信息 |
| 题名: |
磁场测量
|
|
| 作者: | 毛振珑 主编 | |
| 分册: | ||
| 出版信息: | 北京 原子能出版社 1985.5 |
|
| 页数: | 347页 | |
| 开本: | 20cm | |
| 丛书名: | ||
| 单 册: | ||
| 中图分类: | O441.5 | |
| 科图分类: | ||
| 主题词: | 电磁学 , 电动力学 | |
| 电子资源: | ||
| ISBN: | ||
| 000 | 00533nam0 2200205 45 | |
| 001 | 0312221749 | |
| 005 | 20040630145048.7 | |
| 010 | @dCNY2.30 | |
| 100 | @a20031222d1985 km y0chiy0120 ea | |
| 101 | @achi | |
| 105 | @a z 000yy | |
| 200 | 1 | @a磁场测量@ACi Chang Ce Liang@f毛振珑主编@FMao Zhen Long Zhu Bian |
| 210 | @a北京@c原子能出版社@d1985.5 | |
| 215 | @a347页@d20cm | |
| 606 | 0 | @a电磁学 |
| 606 | 0 | @a电动力学 |
| 690 | @aO441.5@v3 | |
| 701 | 0 | @a毛振珑@4主编 |
| 801 | @aCN@bTSTCL@c20031222 | |
| 905 | @dO441.5@e49@f1@b164380 | |
| 磁场测量/毛振珑主编.-北京:原子能出版社,1985.5 |
| 347页;20cm |
| ISBN :CNY2.30 |
| ● |
| 相关链接 |
|
|
|
|
正题名:磁场测量
索取号:O441.5/49
 
预约/预借
| 序号 | 登录号 | 条形码 | 馆藏地/架位号 | 状态 | 备注 |
| 1 | 0164379 | 001458158 | 密集书库/ [索取号:O441.5/49] | 在馆 | |
| 2 | 0164380 | 001935847 | 第三借阅区/ [索取号:O441.5/49] | 在馆 | |
| 3 | 0164381 | 001458087 | 密集书库/ [索取号:O441.5/49] | 在馆 | |
| 4 | 0164382 | 001458112 | 密集书库/ [索取号:O441.5/49] | 在馆 | |
| 5 | 0164383 | 202103614 | 第二样本阅览室/ [索取号:O441.5/49] | 在馆 |